=LDR 00000nam 2200000 4500 =001 INLIS000000000035182 =005 20130612141047 =008 ***********************************ind** =035 ##$$0010-061300000035182 =041 ##$$a ind =082 ##$$a 813 =090 ##$$a 813, Kle s =100 ##$$a Kleypas, Lisa =245 ##$$a Suatu hari di musim gugur=it happened one autuinn, Lisa kleypas;Alih bahasa juliana tan;editor,Dharmawati =260 ##$$a 2008 $b Jakarta =300 ##$$a 424 Hlm, 18 cm =650 ##$$a Fiksi Indonesia =700 ##$$a Tasn, Juliana =850 ##$$a NBPNMAT =990 ##$$a 0001/BPAP-NTB/2016